UBT Library

REINFORCED CONCRETE (Record no. 59723)

000 -LEADER
fixed length control field 00325nam a22001457a 4500
008 - FIXED-LENGTH DATA ELEMENTS--GENERAL INFORMATION
fixed length control field 230515b ||||| |||| 00| 0 eng d
020 ## - INTERNATIONAL STANDARD BOOK NUMBER
International Standard Book Number 9780131234987
041 ## - LANGUAGE CODE
Language code of text/sound track or separate title eng
080 ## - UNIVERSAL DECIMAL CLASSIFICATION NUMBER
Edition identifier THIRD EDITION
Universal Decimal Classification number 72
082 ## - DEWEY DECIMAL CLASSIFICATION NUMBER
Classification number 72NAW
100 ## - Rafti
Rafti 19
101 ## - Shkurtesa
Shkurtesa ARKI
245 ## - TITLE STATEMENT
Title REINFORCED CONCRETE
Statement of responsibility, etc NAWY.G.E
942 ## - ADDED ENTRY ELEMENTS (KOHA)
Source of classification or shelving scheme
Item type Books
Holdings
Withdrawn status Lost status Source of classification or shelving scheme Damaged status Not for loan Collection code Permanent location Current location Date acquired Total Checkouts Full call number Barcode Date last seen Price effective from Koha item type
          Koleksioni i përgjithshem UBT - Lipjan UBT - Lipjan 05/15/2023   72NAW 002-800080214 05/15/2023 05/15/2023 Books
UBT Library © 2015-2024. All rights reserved University Education for Business and Technology